[Event "Zilina op"]
[Site "Zilina"]
[Date "2013.09.01"]
[Round "6"]
[White "Nedoba, Milan"]
[Black "Tomanikova, Zuzana"]
[Result "1-0"]
[WhiteElo "1787"]
[BlackElo "1000"]
[PlyCount "79"]
[EventDate "2013.08.29"]
[EventType "swiss"]
[EventRounds "7"]
[EventCountry "SVK"]
[SourceTitle "CBM 156 Extra"]
[Source "ChessBase"]
[SourceDate "2013.10.22"]
[SourceVersion "1"]
[SourceVersionDate "2013.10.22"]
[SourceQuality "1"]

1. d4 e6 2. c4 Bb4+ 3. Bd2 c5 4. a3 Bxd2+ 5. Qxd2 cxd4 6. Qxd4 Qf6 7. Nf3 Nc6 8. Qxf6 Nxf6 9. Nc3 b6 10. e3 Ba6 11. Nb5 Ke7 12. Nc7 Bb7 13. Nxa8 Rxa8 14. Nd4 Na5 15. b4 Nc6 16. Nxc6+ Bxc6 17. f3 Rc8 18. Be2 Ba4 19. Kf2 d5 20. Rhc1 dxc4 21. Rxc4 Rxc4 22. Bxc4 b5 23. Be2 Nd5 24. Rc1 Kd7 25. Rc5 a6 26. e4 Nf4 27. g3 Nxe2 28. Kxe2 Bb3 29. Ke3 g6 30. Kf4 h6 31. e5 Bd1 32. h4 Bb3 33. g4 Bd1 34. h5 gxh5 35. Rc1 Be2 36. Rc2 Bc4 37. gxh5 Bd5 38. Rg2 Ke7 39. Rg3 Kf8 40. Ke3 1-0

[Event "Zilina op"]
[Site "Zilina"]
[Date "2013.08.31"]
[Round "4"]
[White "Nedoba, Milan"]
[Black "Kerak, Jozef"]
[Result "0-1"]
[WhiteElo "1787"]
[BlackElo "1673"]
[PlyCount "58"]
[EventDate "2013.08.29"]
[EventType "swiss"]
[EventRounds "7"]
[EventCountry "SVK"]
[SourceTitle "CBM 156 Extra"]
[Source "ChessBase"]
[SourceDate "2013.10.22"]
[SourceVersion "1"]
[SourceVersionDate "2013.10.22"]
[SourceQuality "1"]

1. d4 d5 2. Nf3 Nc6 3. e3 Bg4 4. Nbd2 e5 5. dxe5 Nxe5 6. Be2 Bxf3 7. Nxf3 Nxf3+ 8. Bxf3 Nf6 9. c3 c6 10. 0-0 Bd6 11. Qc2 Qc7 12. g3 0-0-0 13. Qa4 h5 14. e4 h4 15. exd5 hxg3 16. Bg4+ Kb8 17. Be3 gxf2+ 18. Rxf2 Bxh2+ 19. Kf1 c5 20. Rd1 Nxg4 21. Qxg4 Be5 22. Rdd2 f6 23. Qa4 Bd6 24. b4 Qe7 25. Rf3 Rh1+ 26. Ke2 Qe4 27. Rf2 f5 28. Qc2 Qg4+ 29. Kd3 c4# 0-1

[Event "Martin op"]
[Site "Martin"]
[Date "2011.11.19"]
[Round "5"]
[White "Nedoba, Milan"]
[Black "Milcova, Zuzana"]
[Result "0-1"]
[WhiteElo "1787"]
[BlackElo "1940"]
[PlyCount "76"]
[EventDate "2011.11.16"]
[EventType "swiss"]
[EventRounds "7"]
[EventCountry "SVK"]
[SourceTitle "EXT 2012"]
[Source "ChessBase"]
[SourceDate "2011.11.24"]
[SourceVersion "1"]
[SourceVersionDate "2011.11.24"]
[SourceQuality "1"]

1. d4 d5 2. c4 c6 3. Nf3 Nf6 4. Nc3 dxc4 5. a4 Bf5 6. e3 e6 7. Bxc4 Be7 8. 0-0 h6 9. Bd3 Bxd3 10. Qxd3 0-0 11. e4 Na6 12. Be3 Qa5 13. Bd2 Bb4 14. e5 Ne8 15. Qe4 Qd8 16. Qg4 Kh7 17. Be3 Be7 18. Ne4 Nac7 19. Qh5 Nd5 20. g3 Nxe3 21. fxe3 g6 22. Qh3 Kg7 23. Rf2 Qd5 24. Ned2 Rd8 25. Raf1 Nc7 26. Nh4 Qd7 27. Ne4 Nd5 28. g4 Nxe3 29. Qxe3 Bxh4 30. Nf6 Qxd4 31. Qxd4 Rxd4 32. Rg2 Rxa4 33. Rd2 Bxf6 34. exf6+ Kh7 35. h3 g5 36. Rd7 Rb4 37. Re1 Kg6 38. Re2 Kxf6 0-1

[Event "Martin op"]
[Site "Martin"]
[Date "2011.11.19"]
[Round "6"]
[White "Simo, Lubomir"]
[Black "Nedoba, Milan"]
[Result "0-1"]
[WhiteElo "1742"]
[BlackElo "1787"]
[PlyCount "58"]
[EventDate "2011.11.16"]
[EventType "swiss"]
[EventRounds "7"]
[EventCountry "SVK"]
[SourceTitle "EXT 2012"]
[Source "ChessBase"]
[SourceDate "2011.11.24"]
[SourceVersion "1"]
[SourceVersionDate "2011.11.24"]
[SourceQuality "1"]

1. e4 c5 2. Nf3 e6 3. d4 cxd4 4. Nxd4 Nf6 5. Nc3 Nc6 6. Nxc6 bxc6 7. e5 Nd5 8. Ne4 Qc7 9. f4 Qb6 10. Bd3 a5 11. a3 Ba6 12. c4 Ne3 13. Qe2 Nf5 14. g4 Nd4 15. Qf2 c5 16. Be3 Bb7 17. 0-0 a4 18. Bxd4 cxd4 19. Rac1 Bxe4 20. Bxe4 Bc5 21. Bd3 0-0 22. Rfd1 Rab8 23. Rd2 d6 24. Qh4 g6 25. Qf6 dxe5 26. fxe5 Qd8 27. g5 Be7 28. Qf2 Bxg5 29. Rdc2 Be3 0-1